书目信息 |
| 题名: |
明朝简史
|
|
| 作者: | 吴晗, 著 | |
| 分册: | ||
| 出版信息: | 北京 中国华侨出版社 2019.11 |
|
| 页数: | 282页 | |
| 开本: | 21cm | |
| 丛书名: | ||
| 单 册: | ||
| 中图分类: | K248 | |
| 科图分类: | ||
| 主题词: | 明代--ming dai--古代史 | |
| 电子资源: | ||
| ISBN: | 978-7-5113-8071-5 | |
| 000 | 00984nam0 2200241 450 | |
| 001 | 2037868871 | |
| 005 | 20201106103118.09 | |
| 010 | @a978-7-5113-8071-5@dCNY48.00 | |
| 100 | @a20191209d2019 em y0chiy50 ea | |
| 101 | 0 | @achi |
| 102 | @aCN@b110000 | |
| 105 | @aa z 000yy | |
| 200 | 1 | @a明朝简史@Aming chao jian shi@d= Ming dynasty@f吴晗著@zeng |
| 210 | @a北京@c中国华侨出版社@d2019.11 | |
| 215 | @a282页@c图@d21cm | |
| 314 | @a吴晗 (1909-1969) , 原名吴春晗, 浙江义乌人。中国著名历史学家, 教育家, 社会活动家。 | |
| 330 | @a本书是一本讲述明朝历史的书籍。书中内容摘取吴晗先生研究明史的精华文字, 从政治、经济、军事三大方面入手, 为读者展现了明朝从兴至衰的浩荡历史进程。吴晗评议客观公正, 引用史料严谨, 文笔幽默风趣。此书对想要了解明朝历史的读者有一定的帮助和指导意义, 值得一读。 | |
| 510 | 1 | @aMing dynasty@zeng |
| 606 | 0 | @a明代@Aming dai@x古代史 |
| 690 | @aK248@v5 | |
| 701 | 0 | @a吴晗,@Awu han@f1909-1969@4著 |
| 801 | 0 | @aCN@b人天书店@c20201025 |
| 905 | @aZUCC@dK248@eW795 | |
| 明朝简史= Ming dynasty/吴晗著.-北京:中国华侨出版社,2019.11 |
| 282页:图;21cm |
| ISBN 978-7-5113-8071-5:CNY48.00 |
| 本书是一本讲述明朝历史的书籍。书中内容摘取吴晗先生研究明史的精华文字, 从政治、经济、军事三大方面入手, 为读者展现了明朝从兴至衰的浩荡历史进程。吴晗评议客观公正, 引用史料严谨, 文笔幽默风趣。此书对想要了解明朝历史的读者有一定的帮助和指导意义, 值得一读。 |
| ● |
| 相关链接 |
|
|
|
正题名:明朝简史
索取号:K248/W795
 
预约/预借
| 序号 | 登录号 | 条形码 | 馆藏地/架位号 | 状态 | 备注 |
| 1 | 1481784 | 214817849 | 社科库309/309社科库 34排4列3层/ [索取号:K248/W795] | 在馆 | |
| 2 | 1481785 | 214817858 | 社科库309/309社科库 34排4列3层/ [索取号:K248/W795] | 在馆 |